000 00351 a2200157 4500
001 61156
020 _a9783468474293
040 _cAnchieta - Pituba
100 _aSchurig, Cordula
240 1 0 _aLogisch!
_lpor
245 1 0 _aLogisch!
300 _a128
362 0 _a2009
650 4 _aLínguas germânicas (teutônicas) língua alemã
942 _cBK
999 _c61156
_d61156